00544cam a22001571 450000100100000000500170001000800410002704000250006808200110009310000260010424500860013026000450021630000210026149000510028283000530033300001856620200929165826.0740422s1973 ck 000 0 spa  aDO-SdBNPbspacBNPHU axxbxx2 aMoreno Clavijo, Jorge13aEl hombre que hacia monitos, y otras estampas bogotanas. /cJorge Moreno Clavijo. aBogotá :bInstituto Colombiano,c1973. a109 p. ;c17 cm.1 aBiblioteca Colombiana de Cultura. Pupularv115 0aBiblioteca Colombiana de Cultura.pPupular,v115